Statistics for The Châteaux of the Loire Valley

Click here to take the quiz!

General Stats

  • This quiz has been taken 54 times
  • The average score is 8 of 36

Answer Stats

Answer% Correct
Chambord
88%
Chenonceau
83%
Blois
71%
Amboise
58%
Tours
54%
Azay-le-Rideau
50%
Angers
46%
Chinon
42%
Cheverny
38%
Saumur
38%
Ussé
38%
Villandry
33%
Loches
29%
Clos-Lucé
21%
Langeais
21%
Brissac
17%
Sully-sur-Loire
17%
Le Lud
13%
Valençay
13%
Château de Montgeoffroy
8%
Chaumont-sur-Loire
8%
Meung-sur-Loire
8%
Serrant
8%
Beauregard
4%
Le Rivau
4%
Luynes
4%
Montpoupon
4%
Talcy
4%
Boisgibault
0%
Château de Goulaine
0%
Château-Gaillard
0%
Gizeux
0%
Le Plessis-Bourré
0%
Les Réaux
0%
Plessis-lez-Tours
0%
Villesavin
0%

Score Distribution

Percentile by Number Answered

Percent of People with Each Score

Your Score History

You have not taken this quiz